Score 0/10 Timer 01:00
0 Plays Today
% Correct
Buffalo, New York, US
74.3%
Quebec City, Canada
58.8%
Rochester, New York, US
57.1%
Syracuse, New York, US
53.8%
St. John's, Canada
47.4%
Sapporo, Japan
45.4%
Saguenay, Canada
43.9%
Akita, Japan
41.5%
Aomori City, Japan
36.8%
Toyama, Japan
35.9%

Today's Daily Dose

Remove Ads.
Support Sporcle.
Get the best of Sporcle when you Go Orange. This ad-free experience offers more features, more stats, and more fun while also helping to support Sporcle. Thank you for becoming a member.

You're not logged in!

Compare scores with friends on all Sporcle quizzes.
OR
Log In

Show Comments

Extras

Top Quizzes Today


Score Distribution

Your Account Isn't Verified!

In order to create a playlist on Sporcle, you need to verify the email address you used during registration. Go to your Sporcle Settings to finish the process.

Report this User

Report this user for behavior that violates our Community Guidelines.

Details: